00475nam a22001457a 450000500170000000800410001704100130005808200140007110000260008524500950011125000190020626000470022530000320027265000250030420231103104631.0231103b |||||||| |||| 00| 0 eng d aEnglish  a346.6 BAM aBamford, B lEnglish  aBamford on the Law of Partnerships and Voluntary Associations in South Africa /cB Bamford aSecond Edition aCape Town : bJuta and Company Ltd, c1971 bxxxix, 259 pages ; c26 cm. aLegal practice bLaw